Shhh!. (Record no. 113791)
[ view plain ]
| 000 -LEADER | |
|---|---|
| fixed length control field | 00244nam a2200109 a 4500 |
| 005 - DATE AND TIME OF LATEST TRANSACTION | |
| control field | 20140414132039.0 |
| 008 - FIXED-LENGTH DATA ELEMENTS--GENERAL INFORMATION | |
| fixed length control field | 110322s19uu xx 00 eng d |
| 050 ## - LIBRARY OF CONGRESS CALL NUMBER | |
| Classification number | TR |
| Item number | SH1 2004 |
| 100 ## - MAIN ENTRY--PERSONAL NAME | |
| Personal name | Willis, Jeanne |
| 245 ## - TITLE STATEMENT | |
| Title | Shhh!. |
| Withdrawn status | Lost status | Damaged status | Home library | Current library | Shelving location | Date acquired | Total Checkouts | Full call number | Barcode | Date last seen | Price effective from | Koha item type |
|---|---|---|---|---|---|---|---|---|---|---|---|---|
| Munich Library | Munich Library | Teachers Reference Section | 03/22/2011 | TR SH1 2004 | M5438 | 04/14/2014 | 04/14/2014 | Books |